Evaluation of Flatness Profiles by Means of Wavelet Transformation

Bibliographic Details
Main Authors: Stępień, Krzysztof (Author), Makieła, Włodzimierz (Author)
Format: Article
Language:English

MARC

LEADER 00000nab a2200000ua 4500
001 vtls010835052
003 SK-MaSNL
005 20260303144408.0
008 230222s2012 xo |||||||||||||||||eng|
035 |a (urnnbn)urn:nbn:sk:snk:ar-a06puz 
035 |a urn:nbn:sk:snk-ab5z3n 
035 |a (uuid)bcd78e67-8aff-48ff-ba7d-c84b8e38a032 
040 |a SNKBUCL  |b slo  |c SNKBUCL  |e AACR2 
041 0 |a eng 
044 |a xo  |c SK 
100 1 |a Stępień, Krzysztof  |4 aut  |9 775234 
245 1 0 |a Evaluation of Flatness Profiles by Means of Wavelet Transformation  |c Krzysztof Stępień, Włodzimierz Makieła 
700 1 |a Makieła, Włodzimierz  |4 aut  |9 775249 
773 0 |t Výrobné inžinierstvo  |g Roč. 11, č. 2 (2012), s. 57-59 
958 |a OND 
958 |a EUIPO 
958 |a article5 
999 |c 1997232  |d 1999162